000 00596nam a2200205Ia 4500
005 20250923145106.0
008 008 250917s9999 xx 000 0 eng d
037 _aTextual
040 _aDSWL
_beng
_cDSWL
041 _aeng
_2eng
084 _aX:936:2:(72)Y8, K6
_qDSWL
100 _aMalhotra, L.C.
_9831706
245 0 _aDigest of bouns cases
_cby L.C. Malhotra
260 _aAllahabad
_bUniversity Book Agency
_c1966
300 _axii,84 p.
365 _aINR
_b26.25
925 _g26.25
942 _cTEXL
_hX:936:2:(72)Y8, K6
999 _c1446975
_d1446975